Páginas autobiográficas / (Record no. 19217)
[ view plain ]
| 000 -CABECERA | |
|---|---|
| campo de control de longitud fija | 00672nam a2200217 a 4500 |
| 001 - NÚMERO DE CONTROL | |
| campo de control | 000019702 |
| 005 - FECHA Y HORA DE LA ÚLTIMA TRANSACCIÓN | |
| campo de control | 20200929170116.0 |
| 008 - DATOS DE LONGITUD FIJA--INFORMACIÓN GENERAL | |
| campo de control de longitud fija | 100702r19581985dr 000 0 spa d |
| 020 ## - NÚMERO INTERNACIONAL ESTÁNDAR DEL LIBRO | |
| Número Internacional Estándar del Libro | 968161982x |
| 040 ## - FUENTE DE LA CATALOGACIÓN | |
| Centro catalogador/agencia de origen | DO-SdBNP |
| Lengua de catalogación | spa |
| Centro/agencia transcriptor | BNPHU |
| 082 ## - NÚMERO DE LA CLASIFICACIÓN DECIMAL DEWEY | |
| Número de clasificación | 928.6 |
| Número de documento/Ítem | A997p |
| 049 ## - FONDOS LOCALES (OCLC) | |
| Fondos de biblioteca | BNGR |
| 100 1# - ENTRADA PRINCIPAL--NOMBRE DE PERSONA | |
| Nombre de persona | Azuela, Mariano, |
| 9 (RLIN) | 42147 |
| 245 10 - MENCIÓN DE TÍTULO | |
| Título | Páginas autobiográficas / |
| Mención de responsabilidad, etc. | Mariano Azuela ; prólogo de Francisco Monterde. |
| 260 ## - PUBLICACIÓN, DISTRIBUCIÓN, ETC. | |
| Lugar de publicación, distribución, etc. | México : |
| Nombre del editor, distribuidor, etc. | Fondo de Cultura Económica, |
| Fecha de publicación, distribución, etc. | 1958. |
| 300 ## - DESCRIPCIÓN FÍSICA | |
| Extensión | 276 p. ; |
| Dimensiones | 17 cm. |
| 490 1# - MENCIÓN DE SERIE | |
| Mención de serie | Popular |
| Designación de volumen o secuencia | 134 |
| 600 10 - PUNTO DE ACCESO ADICIONAL DE MATERIA--NOMBRE DE PERSONA | |
| Nombre de persona | AZUELA, MARIANO |
| Fechas asociadas al nombre | 1873-1952 |
| 9 (RLIN) | 24244 |
| 700 1# - PUNTO DE ACCESO ADICIONAL--NOMBRE DE PERSONA | |
| Nombre de persona | Monterde, Francisco, |
| Término indicativo de función/relación | pról. |
| 9 (RLIN) | 42148 |
| 830 #0 - PUNTO DE ACCESO ADICIONAL DE SERIE-TÍTULO UNIFORME | |
| Título uniforme | Popular ; |
| Designación de volumen o secuencia | 134 |
| 9 (RLIN) | 13374 |
| Estado de retiro | Estado de pérdida | Restricciones de uso | No para préstamo | Código de colección | Localización permanente | Ubicación/localización actual | Ubicación en estantería | Fecha de adquisición | Número de inventario | Total de préstamos | Signatura topográfica completa | Código de barras | Fecha visto por última vez | Precio válido a partir de | Tipo de ítem Koha |
|---|---|---|---|---|---|---|---|---|---|---|---|---|---|---|---|
| Patrimonio Dominicano | General | General | En catalogación | 02.07.2010 | LF1 | 928.6 A997p | 19702-10 | 25.06.2020 | 25.06.2020 | Libro y Folleto Colección Patrimonio Dominicano |
